01660aamaa2200301 a 450000100060000000300080000600500170001400700030003100800410003404000180007504100080009310000390010124501320014026000510027230000110032350500980033450500700043250500580050250500860056050501470064650500490079350501380084250501240098050500910110450501100119565000240130570000290132932738AR-BaBN20260508183859.0ta051027m1911 ag ||||gr 001 0 spa  aAR-BaBNeaacr aspa1 aLópez, Vicente Fidel,d1815-190310aHistoria de la República Argentina :bsu origen, su revolución y su desarrollo político hasta 1852 /cVicente F. López  aBuenos Aires :bLibrería La Facultad,c1911. a10 v. 0 av. 1: Paralelismo de la historia de España con la historia colonial del Río de la Plata. 0 av.2: Paralelismo de la historia colonial con la historia europea.0 av.3: La revolución y la guerra de la independencia.0 av.4: Declive del movimiento político hacia el personalismo del Poder Ejecutivo.0 av.5: Antagonismo de las masas bárbaras del Uruguay y de sus caudillos, contra las tendencias orgánicas y cultas de la capital (1815-1820).0 av.6: Complemento de la Revolución de Mayo.0 av.7: Dedicación y sacrificio de los intereses argentinos a la libertad de las otras regiones sudamericanas : Chacabuco a Pichincha.0 av.8: Transformación del organismo y resurgimiento de la cultura liberal. Buenos Aires, y los cacicazgos provinciales.0 av.9: Armonía Convencional y divergencias intrínsecas en las provincias del estado.0 av.10: Paroxismo de la vida social, y descenso fatal del organismo político hacia la tiranía absoluta. 4aHISTORIA ARGENTINA  aVera y Gonzalez, Emilio,